| 000 | 00443nam a2200169Ia 4500 | ||
|---|---|---|---|
| 003 | OSt | ||
| 008 | 191201s2005 xx 000 0 und d | ||
| 020 | _a9789356061590 | ||
| 082 |
_a004.22 _bSTC |
||
| 100 | _aSTALLINGS, William | ||
| 245 | 0 | _aComputer Organization and Architecture Designing for Performance | |
| 250 |
_a11th Ed. _b5th Imp. |
||
| 260 |
_aNew Delhi _bPearson _c2025 |
||
| 300 | _a889 | ||
| 650 | _aBCA CTIS | ||
| 942 |
_2ddc _cBK |
||
| 999 |
_c12993 _d12993 |
||